|
|
|
|
| LEADER |
01643cas a2200265 a 4500 |
| 001 |
AALejournalIMF022239 |
| 008 |
230101c9999 xx r poo 0 0eng d |
| 020 |
|
|
|c 5.00 USD
|
| 020 |
|
|
|z 9781616354879
|
| 022 |
|
|
|a 2663-3493
|
| 040 |
|
|
|a BD-DhAAL
|c BD-DhAAL
|
| 110 |
2 |
|
|a International Monetary Fund.
|
| 245 |
1 |
0 |
|a Economic Prospects and Policy Challenges for the GCC Countries :
|b 2021.
|
| 264 |
|
1 |
|a Washington, D.C. :
|b International Monetary Fund,
|c 2021.
|
| 300 |
|
|
|a 1 online resource (39 pages)
|
| 490 |
1 |
|
|a Policy Papers
|
| 500 |
|
|
|a <strong>Off-Campus Access:</strong> No User ID or Password Required
|
| 500 |
|
|
|a <strong>On-Campus Access:</strong> No User ID or Password Required
|
| 506 |
|
|
|a Electronic access restricted to authorized BRAC University faculty, staff and students
|
| 520 |
3 |
|
|a GCC policymakers moved quickly to mitigate the health and economic impacts of twin COVID-19 and oil price shocks. Infection rates have declined across the GCC to well below previous peaks, though countries have experienced successive waves of the virus, and economic recoveries have begun to take hold. Nevertheless, GCC policymakers must navigate a challenging and uncertain landscape. The pandemic continues to cloud the global outlook as countries are in different phases of recovery, with varied growth prospects and policy space.
|
| 538 |
|
|
|a Mode of access: Internet
|
| 650 |
|
7 |
|a Monetary Policy
|2 imf
|
| 650 |
|
7 |
|a Political Economy
|2 imf
|
| 830 |
|
0 |
|a Policy Papers; Policy Paper ;
|v No. 2021/072
|
| 856 |
4 |
0 |
|z Full text available on IMF
|u http://elibrary.imf.org/view/journals/007/2021/072/007.2021.issue-072-en.xml
|z IMF e-Library
|